000 00939nam a22002417a 4500
001 49273
003 BD-RjUL
005 20211209054646.0
008 150915s1931 bg ||||| |||| 00| 0 ben d
035 _a(BD-RjUL)49392
040 _aBD-RjUL
_bben
_cBD-RjUL
041 _aben
082 _222
_a891.551009
_bBAP 1931
100 _aবরকতুল্লাহ, মোহাম্মদ
_9118043
245 1 0 _a পারস্য-প্রতিভা /
_cমোহাম্মদ বরকতুল্লাহ
250 _a৩য় সং.
260 _aকলিকাতা :
_bমোহম্মদ আমানুল্লাহ,
_c১৯৩১
300 _a খন্ড ;
_c১৮ সেমি.
505 0 _aখণ্ড ১ --
650 _aপারস্য কবিতা
_xইতিহাস ও সমালোচনা
_9118040
650 _aPersian poetry
_xHistory and criticism.
_9118041
942 _2ddc
_cBK
_01
999 _c49273
_d49273